LEADER 01623nam 2200337 450 001 9910163339403321 005 20230411192728.0 010 $a1-937776-53-0 035 $a(CKB)3710000001046492 035 $a(NjHacI)993710000001046492 035 $a(EXLCZ)993710000001046492 100 $a20230411d2013 uy 0 101 0 $aeng 135 $aur||||||||||| 181 $ctxt$2rdacontent 182 $cc$2rdamedia 183 $acr$2rdacarrier 200 14$aThe Millionaire Tempted Fate /$fShirley Jump 210 1$a[Place of publication not identified] :$cTKA Distribution,$d2013. 215 $a1 online resource (115 pages) 330 $aWhat if you fell in love with your best friend? When Angie Wilson realizes her best friend Max is planning on proposing to Miss Wrong on Valentine's Day, Angie sets out to win his heart in ten days. From showing him her sexy side to a disastrous attempt at cooking dinner, her plan goes awry at every turn. One night, too much rum, and a hot time in Angie's bed has Max rethinking his logical proposal to a woman who may look good on paper, but isn't the one who captures his heart like Angie does. But is he willing to risk losing his best friend in order to have the happy ending he secretly craves? Special bonus material: Recipes written by the characters inside!. 606 $aMan-woman relationships 615 0$aMan-woman relationships. 676 $a306.7 700 $aJump$b Shirley$01348917 801 0$bNjHacI 801 1$bNjHacl 906 $aBOOK 912 $a9910163339403321 996 $aThe Millionaire Tempted Fate$93086723 997 $aUNINA